000 00978nam a2200289Ia 4500
003 OSt
005 20220918171206.0
006 a|||||r|||| 00| 0
007 ta
008 220917b |||||||| |||| 00| 0 eng d
020 _a9781405179935 (pbk)
_c2175.82
024 _a236,210
037 _b300, 22/08/2008, Total Books India
_cTextual
040 _aARTS
_cARTS
_beng
041 _2eng
_aeng
082 _aV6-73.N5, P8 (906)
100 _aHornsby Alton Ed.
_934657
245 0 _aCompanion to African American history
260 _aMalden
_bBlackwell Publishing U.S.A
_c2008
300 _a564p.
_ccm.
490 _aBlackwell companions to American history
650 _aHISTORY
700 _a Aldridge Delores P. Ed.
_934658
700 _a Hornsby Angela M. Ed.
_934659
942 _hV6-73.N5, P8 (906)
_cTEXL
_2CC
999 _c138243
_d138243